Principles of Macroeconomics By: Mankiw N G (Record no. 365873)

MARC details
000 -LEADER
fixed length control field 00449nam a22001817a 4500
005 - DATE AND TIME OF LATEST TRANSACTION
control field 20250404162225.0
008 - FIXED-LENGTH DATA ELEMENTS--GENERAL INFORMATION
fixed length control field 250404b |||||||| |||| 00| 0 eng d
020 ## - INTERNATIONAL STANDARD BOOK NUMBER
International Standard Book Number 9789355734150
041 ## - LANGUAGE CODE
Language code of text/sound track or separate title eng
082 ## - DEWEY DECIMAL CLASSIFICATION NUMBER
Classification number 330
Item number MAN B22495
100 ## - MAIN ENTRY--PERSONAL NAME
Author Mankiw N G
245 ## - TITLE STATEMENT
Title Principles of Macroeconomics By: Mankiw N G
250 ## - EDITION STATEMENT
Edition statement 8th Ed.
260 ## - PUBLICATION, DISTRIBUTION, ETC.
Place of publication, distribution, etc. Delhi
Name of publisher, distributor, etc. Cengage
Date of publication, distribution, etc. 2018
300 ## - PHYSICAL DESCRIPTION
Extent 464p
500 ## - GENERAL NOTE
Keywords Microeconomics
942 ## - ADDED ENTRY ELEMENTS (KOHA)
Koha item type Books
Holdings
Withdrawn status Lost status Source of classification or shelving scheme Damaged status Not for loan Home library Current library Date acquired Vendor Net Price Bill number Full call number Barcode Date last seen Discount Actual Price Bill Date Koha item type Original Barcode
    Dewey Decimal Classification     Smt. Hiraben Nanavati Institute of Management & Research for Women Smt. Hiraben Nanavati Institute of Management & Research for Women 29/01/2025 Forward Books 1050.00 24330 330 MAN B22495 HIMR-BK-22495 04/04/2025 27 766.50 28/01/2025 Books B22495
    Dewey Decimal Classification     Smt. Hiraben Nanavati Institute of Management & Research for Women Smt. Hiraben Nanavati Institute of Management & Research for Women 29/01/2025 Forward Books 1050.00 24330 330 MAN B22496 HIMR-BK-22496 04/04/2025 28 766.50 28/01/2025 Books B22496